Warrior cats heart names - Statistics

General Stats
  • This quiz has been taken 114 times
  • The average score is 12 of 39
Answer Stats
% Correct
Fireheart
97%
Alderheart
65%
Brightheart
65%
Cinderheart
65%
Lionheart
61%
NightheartAsc
61%
NightheartDotc
61%
Tigerheart
61%
Foxheart
52%
Oakheart
45%
Pineheart
45%
Pebble heart
39%
Stormheart
35%
Berryheart
32%
Lilyheart
32%
Ashheart
29%
Shellheart
29%
Cedarheart
26%
Hawkheart
26%
Lakeheart
26%
Brackenheart
23%
Braveheart
23%
Breezeheart
23%
Grassheart
19%
MossheartTc
19%
Skyheart
19%
Thistleheart
19%
MossheartShc
16%
Splashheart
16%
Blossomheart
13%
Quailheart
13%
Shyheart
13%
Otterheart
10%
Shiningheart
10%
Bloomheart
6%
Daisyheart
6%
Huntheart
6%
Stripeheart
6%
Wolfheart
6%
No matching quizzes found
Score Distribution
Percent of People with Each Score
Percentile by Number Answered
Your Score History
You have not taken this quiz